00291nam a22000977a 450000500170000000800410001702000180005804000080007624500800008426000290016420200819112928.0200819b ||||| |||| 00| 0 eng d a9789982031035 cCML aEducation in Zambia at Fifty Years of Independence and Beyond.cMasaiti, G. aLusakabUNZA Pressc2018